Movie Cakes II Quiz Stats

Quiz Updated Jun 29, 2016

Also try: Movie Cakes
Challenge
Share
Tweet
Score 0/22 Timer 06:00
0 Plays Today
% Correct
Jaws
99.3%
Shrek
96.1%
Toy Story 2
95.7%
The Hunger Games
95.3%
Casino Royale
94.6%
Jurassic Park
94%
Beauty and the Beast
93.8%
Rocky
93%
Alien
86%
Friday the 13th
83.1%
The Matrix
82.3%
% Correct
Braveheart
80.3%
The Godfather
72.9%
Raiders of the Lost Ark
70%
The Big Lebowski
69.9%
The Exorcist
69.5%
Monty Python and the Holy Grail
68.5%
Predator
65.3%
The Goonies
63.9%
Kill Bill: Vol. 1
56.3%
The Princess Bride
52.2%
Forrest Gump
51.1%

You're not logged in!

Compare scores with friends on all Sporcle quizzes.
Join for Free
OR
Log In

You Might Also Like...

Show Comments

Extras

Top Quizzes Today


Score Distribution

Your Account Isn't Verified!

In order to create a playlist on Sporcle, you need to verify the email address you used during registration. Go to your Sporcle Settings to finish the process.

Report this User

Report this user for behavior that violates our Community Guidelines.

Details: